[Event "Ortega op 5th"]
[Site "Ortega"]
[Date "2015.06.15"]
[Round "7"]
[White "Polania Reyes, Fernando Alberto"]
[Black "Nunez, Wilmer"]
[Result "0-1"]
[WhiteElo "1726"]
[BlackElo "1611"]
[PlyCount "62"]
[EventDate "2015.06.12"]
[EventType "swiss"]
[EventRounds "7"]
[EventCountry "COL"]
[SourceTitle "CBM 167 Extra"]
[Source "ChessBase"]
[SourceDate "2015.09.14"]
[SourceVersion "1"]
[SourceVersionDate "2015.09.14"]
[SourceQuality "1"]

1. e4 e5 2. Nf3 Qe7 3. Nc3 c6 4. Bc4 h6 5. d3 d6 6. h3 Nf6 7. 0-0 Qc7 8. Nh2 Be7 9. f4 Be6 10. Bb3 Bxb3 11. axb3 Nbd7 12. Qf3 Nh7 13. fxe5 Nxe5 14. Qg3 0-0 15. Ng4 Nxg4 16. Qxg4 Kh8 17. Be3 b6 18. Ne2 Bf6 19. c3 Rfe8 20. d4 Rad8 21. Ng3 Bg5 22. Rae1 Bxe3+ 23. Rxe3 Re7 24. Nf5 f6 25. Nxe7 Qxe7 26. h4 Re8 27. Rf5 d5 28. e5 fxe5 29. Rfxe5 Qf7 30. Re7 Rxe7 31. Rxe7 Qxe7 0-1

[Event "Pan American Amateur-ch"]
[Site "San Andres Islas"]
[Date "2014.08.30"]
[Round "9"]
[White "Polania Reyes, Fernando Alberto"]
[Black "Aldana, Omar"]
[Result "1-0"]
[WhiteElo "1697"]
[BlackElo "1880"]
[PlyCount "85"]
[EventDate "2014.08.26"]
[EventType "swiss"]
[EventRounds "9"]
[EventCountry "COL"]
[SourceTitle "EXT 2016"]
[Source "ChessBase"]
[SourceDate "2015.10.08"]
[SourceVersion "1"]
[SourceVersionDate "2015.10.08"]
[SourceQuality "1"]

1. e4 c5 2. Nf3 Nc6 3. d4 cxd4 4. Nxd4 g6 5. c3 Bg7 6. Bc4 Nf6 7. Qc2 d6 8. 0-0 0-0 9. h3 Bd7 10. a3 e6 11. Nd2 Rc8 12. Nxc6 Bxc6 13. Bd3 Qc7 14. Nf3 Rfd8 15. Bg5 h6 16. Bh4 Rd7 17. Bg3 Rcd8 18. Rfe1 b5 19. Re2 a5 20. Rae1 Qb6 21. b3 d5 22. e5 Nh5 23. Bh2 Rc8 24. Bxg6 fxg6 25. Qxg6 Rf7 26. Qxh5 Rf5 27. Qg4 Rcf8 28. Bg3 Qc5 29. Nd4 Bd7 30. Nxf5 Rxf5 31. Qh4 Be8 32. b4 Qxc3 33. Qe7 Bf7 34. Qd8+ Kh7 35. Qxa5 Bh5 36. f3 Rg5 37. Kh2 Bf7 38. Bh4 Rg6 39. Qa6 Qc4 40. Be7 h5 41. a4 bxa4 42. Qxc4 dxc4 43. Ra2 1-0

[Event "Pan American Amateur-ch"]
[Site "San Andres Islas"]
[Date "2014.08.29"]
[Round "6"]
[White "Polania Reyes, Fernando Alberto"]
[Black "Torres, Saulo de Jesus"]
[Result "0-1"]
[WhiteElo "1697"]
[BlackElo "1890"]
[PlyCount "92"]
[EventDate "2014.08.26"]
[EventType "swiss"]
[EventRounds "9"]
[EventCountry "COL"]
[SourceTitle "EXT 2016"]
[Source "ChessBase"]
[SourceDate "2015.10.08"]
[SourceVersion "1"]
[SourceVersionDate "2015.10.08"]
[SourceQuality "1"]

1. e4 c5 2. Nf3 Nc6 3. d4 cxd4 4. Nxd4 g6 5. Bc4 Bg7 6. c3 Nf6 7. Nxc6 bxc6 8. Qe2 0-0 9. 0-0 Nxe4 10. Bxf7+ Rxf7 11. Qxe4 d5 12. Qa4 Qb6 13. Qb3 Qc7 14. Be3 e5 15. Rd1 Rb8 16. Qc2 Bf5 17. Qc1 Qb7 18. b3 Rd8 19. Bh6 Bh8 20. Nd2 Bg4 21. f3 Qb6+ 22. Kh1 Be6 23. Nf1 c5 24. Qd2 d4 25. c4 Bc8 26. Ng3 Bb7 27. Qd3 Bg7 28. Bg5 Rdf8 29. Ne4 h6 30. Bh4 g5 31. Bg3 Rf5 32. h3 h5 33. Nf2 Rxf3 34. gxf3 Rxf3 35. Kg1 Rxd3 36. Nxd3 Qc6 37. Ne1 h4 38. Bxh4 gxh4 39. Kf2 e4 40. Rac1 e3+ 41. Ke2 Qf6 42. a3 Qf2+ 43. Kd3 Qf5+ 44. Ke2 Be4 45. Nd3 Qf3+ 46. Ke1 Qh1+ 0-1

[Event "Pan American Amateur-ch"]
[Site "San Andres Islas"]
[Date "2014.08.27"]
[Round "3"]
[White "Arroyave, Jhon Jairo"]
[Black "Polania Reyes, Fernando Alberto"]
[Result "1-0"]
[WhiteElo "1908"]
[BlackElo "1697"]
[PlyCount "36"]
[EventDate "2014.08.26"]
[EventType "swiss"]
[EventRounds "9"]
[EventCountry "COL"]
[SourceTitle "EXT 2016"]
[Source "ChessBase"]
[SourceDate "2015.10.08"]
[SourceVersion "1"]
[SourceVersionDate "2015.10.08"]
[SourceQuality "1"]

1. e4 e5 2. Nf3 Nc6 3. Bb5 Nf6 4. d3 Ne7 5. Nxe5 c6 6. Nc4 Qc7 7. e5 Nfd5 8. Nd6+ Kd8 9. Bc4 Rg8 10. Nxf7+ Ke8 11. Nd6+ Kd8 12. Qh5 Qa5+ 13. Bd2 Qb6 14. Nc3 Qxb2 15. 0-0 Qxc2 16. Bxd5 Nxd5 17. Qe8+ Kc7 18. Nxd5+ cxd5 1-0